|
|
|
|
| LEADER |
01157nam a2200277 a 4500 |
| 001 |
3074257 |
| 008 |
090810s1998 txua b 001 0 eng d |
| 999 |
|
|
|c 3653
|d 3653
|
| 010 |
|
|
|a \\\97072207
|
| 020 |
|
|
|a 003018682X
|
| 040 |
|
|
|a DLC
|c DLC
|
| 082 |
0 |
0 |
|a 400
|2 23
|
| 100 |
1 |
|
|a Fromkin, Victoria.
|9 29968
|
| 245 |
1 |
3 |
|a An introduction to language /
|c Victoria Fromkin, Robert Rodman.
|
| 250 |
|
|
|a 6th ed.
|
| 260 |
|
|
|a Fort Worth :
|b Harcourt Brace College Publishers,
|c c1998.
|
| 300 |
|
|
|a xvii, 566 p. :
|b ill. ;
|c 22 cm.
|
| 504 |
|
|
|a Includes bibliographies and index.
|
| 541 |
1 |
|
|e 00009834
|
| 650 |
|
0 |
|a Language and languages.
|9 29969
|
| 650 |
|
0 |
|a Linguistics.
|9 29970
|
| 700 |
1 |
|
|a Rodman, Robert.
|9 29971
|
| 852 |
4 |
|
|a Ayesha Abed Library
|j General shelf
|
| 942 |
0 |
0 |
|0 2
|2 ddc
|c BK
|
| 952 |
|
|
|0 0
|1 0
|2 ddc
|4 1
|6 400_000000000000000_FRO
|7 0
|9 3315
|a BRACUL
|b BRACUL
|c SPS
|d 2009-09-03
|g 0.00
|l 6
|m 16
|o 400 FRO
|p 3010009834
|r 2016-09-07
|s 2016-09-06
|t 2
|w 2009-09-03
|y BK
|x No price found in the accession register.
|
| 952 |
|
|
|0 0
|1 0
|2 ddc
|4 1
|6 400_000000000000000_FRO
|7 0
|9 20319
|a BRACUL
|b BRACUL
|c SPS
|d 2012-05-28
|l 5
|m 14
|o 400 FRO
|p 3010009833
|r 2017-11-02
|s 2017-09-14
|t 1
|w 2012-05-28
|y BK
|